| 000 | 01108nmc a2200397 a 4500 | ||
|---|---|---|---|
| 003 | AR-BaBNM | ||
| 005 | 20251128205037.0 | ||
| 008 | 011101s1983 ||||||||||||||000 | spa|| | ||
| 020 | _a84-7046-316-0 | ||
| 040 | _cAR-BaBNM | ||
| 100 | 1 | _aChing, Doris C. | |
| 245 | 1 | 0 | _aCómo aprende a leer el niño bilingüe |
| 250 | _a2ª ed. | ||
| 260 |
_aBuenos Aires _bCincel-Kapelusz _c1983 |
||
| 300 | _a68 p. | ||
| 490 | 0 |
_aGuías para el educador _vv. 6 |
|
| 500 | _aReferencias bibliográficas p. 65-66 | ||
| 504 | _aBibliografía en español p. 67-68 | ||
| 650 | 4 | _aENSENANZA DE LA LECTURA | |
| 650 | 4 | _aGRAMATICA | |
| 650 | 4 | _aEXPRESION ORAL | |
| 650 | 4 | _aMOTIVACION DEL ALUMNO | |
| 650 | 4 | _aDESARROLLO DEL LENGUAJE | |
| 650 | 4 | _aACUSTICA | |
| 650 | 4 | _aFONOLOGIA | |
| 650 | 4 | _aLECTURA | |
| 650 | 4 | _aMADUREZ PARA LA LECTURA | |
| 650 | 4 | _aPROCESO DE LECTURA | |
| 650 | 4 | _aBILINGUISMO | |
| 650 | 4 | _aEDUCACION BILINGUE | |
| 650 | 4 | _aALUMNOS BILINGUES | |
| 700 | 1 |
_aBarrett, Thomas C. _eprologuista |
|
| 800 | 1 |
_aRioja Gómez, José _ecoordinador |
|
| 942 | _cBK | ||
| 998 | _cCarmen | ||
| 999 |
_c9759 _d9759 |
||